00363nam a2200145Ia 4500008004100000020001800041041000800059082001700067100001500084245003100099250001200130260002900142365001600171700003000187230718s9999 xx 000 0 und d a9780198071891 aeng a621.395bALL aAllen P.E. aCMOS Analog Circuit Design a2nd ed. bOxford University Press cRs.b475.00 aAllen P.E. & Holberg D.R.